<?xml version="1.0" encoding="UTF-8"?><?xml-stylesheet type="text/xsl" href="static/style.xsl"?><OAI-PMH xmlns="http://www.openarchives.org/OAI/2.0/" xmlns:xsi="http://www.w3.org/2001/XMLSchema-instance" xsi:schemaLocation="http://www.openarchives.org/OAI/2.0/ http://www.openarchives.org/OAI/2.0/OAI-PMH.xsd"><responseDate>2026-06-04T03:56:03Z</responseDate><request verb="GetRecord" identifier="oai:riubu.ubu.es:10259/11789" metadataPrefix="marc">https://riubu.ubu.es/oai/request</request><GetRecord><record><header><identifier>oai:riubu.ubu.es:10259/11789</identifier><datestamp>2026-06-04T00:05:28Z</datestamp><setSpec>com_10259_5786</setSpec><setSpec>com_10259_5086</setSpec><setSpec>com_10259_2604</setSpec><setSpec>com_10259_4839</setSpec><setSpec>col_10259_5787</setSpec><setSpec>col_10259_4840</setSpec></header><metadata><record xmlns="http://www.loc.gov/MARC21/slim" xmlns:doc="http://www.lyncode.com/xoai" xmlns:xsi="http://www.w3.org/2001/XMLSchema-instance" xmlns:dcterms="http://purl.org/dc/terms/" xsi:schemaLocation="http://www.loc.gov/MARC21/slim http://www.loc.gov/standards/marcxml/schema/MARC21slim.xsd">
<leader>00925njm 22002777a 4500</leader>
<datafield tag="042" ind1=" " ind2=" ">
<subfield code="a">dc</subfield>
</datafield>
<datafield tag="720" ind1=" " ind2=" ">
<subfield code="a">Cano, Sonia Rodríguez</subfield>
<subfield code="e">author</subfield>
</datafield>
<datafield tag="720" ind1=" " ind2=" ">
<subfield code="a">Alonso, Patricia Sebastián</subfield>
<subfield code="e">author</subfield>
</datafield>
<datafield tag="720" ind1=" " ind2=" ">
<subfield code="a">Benito, Vanesa Delgado</subfield>
<subfield code="e">author</subfield>
</datafield>
<datafield tag="720" ind1=" " ind2=" ">
<subfield code="a">Villaverde, Vanesa Ausín</subfield>
<subfield code="e">author</subfield>
</datafield>
<datafield tag="720" ind1=" " ind2=" ">
<subfield code="a">Rodríguez Cano, Sonia</subfield>
<subfield code="e">author</subfield>
</datafield>
<datafield tag="720" ind1=" " ind2=" ">
<subfield code="a">Sebastián Alonso, Patricia</subfield>
<subfield code="e">author</subfield>
</datafield>
<datafield tag="720" ind1=" " ind2=" ">
<subfield code="a">Delgado Benito, Vanesa</subfield>
<subfield code="e">author</subfield>
</datafield>
<datafield tag="720" ind1=" " ind2=" ">
<subfield code="a">Ausín Villaverde, Vanesa</subfield>
<subfield code="e">author</subfield>
</datafield>
<datafield tag="260" ind1=" " ind2=" ">
<subfield code="c">2021-03</subfield>
</datafield>
<datafield tag="520" ind1=" " ind2=" ">
<subfield code="a">This study was part of the European project Erasmus+ FORDYSVAR, whose main objective&#xd;
is to contribute to the educational inclusion of students aged between 10 and 16 with dyslexia&#xd;
through the use of technology. The purpose of this study was to analyze the motivation of students&#xd;
with dyslexia during their learning process and to assess whether technology can be a motivating&#xd;
educational tool to create sustainable educational spaces at a social level. It used a descriptive,&#xd;
transversal, and correlational methodology to determine whether the participating sample showed&#xd;
motivation in the learning process. In order to answer this hypothesis, we designed a data collection&#xd;
instrument that included a motivational assessment questionnaire of the learning. The participants&#xd;
were students with dyslexia aged between 10 and 16 (N = 30). The results obtained allowed us to&#xd;
conclude that information and communication technologies can be used as a motivating educational&#xd;
strategy for students with dyslexia. The conclusions drawn were consistent with previous research&#xd;
showing that the use of technology for educational purposes can contribute to student motivation</subfield>
</datafield>
<datafield tag="024" ind2=" " ind1="8">
<subfield code="a">https://hdl.handle.net/10259/11789</subfield>
</datafield>
<datafield tag="024" ind2=" " ind1="8">
<subfield code="a">10.3390/su13052666</subfield>
</datafield>
<datafield tag="024" ind2=" " ind1="8">
<subfield code="a">2071-1050</subfield>
</datafield>
<datafield ind1=" " ind2=" " tag="653">
<subfield code="a">Dyslexia</subfield>
</datafield>
<datafield ind1=" " ind2=" " tag="653">
<subfield code="a">Educational technology</subfield>
</datafield>
<datafield ind1=" " ind2=" " tag="653">
<subfield code="a">Motivational learning</subfield>
</datafield>
<datafield ind1=" " ind2=" " tag="653">
<subfield code="a">Sustainable education</subfield>
</datafield>
<datafield tag="245" ind1="0" ind2="0">
<subfield code="a">Evaluation of Motivational Learning Strategies for Children with Dyslexia: A FORDYSVAR Proposal for Education and Sustainable Innovation</subfield>
</datafield>
</record></metadata></record></GetRecord></OAI-PMH>